Principy funkcionirovanija eksportnogo kontrolja v industrial'nych stranach.

Princípy mnohostrannej kontroly exportu v COCOM. Práva exportnej kontroly v USA. Reexportná kontrola v členských krajinách COCOM. Kontrolné zoznamy COCOM-u, presun od súpisov tovarov zakázaných vyvážať ku súpisu technológií. Export licencií a jeho kontrola. Diferencovaný prístup k jednotlivým štátom...

Ausführliche Beschreibung

Gespeichert in:
Bibliographische Detailangaben
1. Verfasser: Presnjakov, Viktor Jur'jevič
Weitere Verfasser: Gornostajev, G.
Format: Buchkapitel
Sprache:Russisch
Schlagworte:
Tags: Tag hinzufügen
Keine Tags, Fügen Sie das erste Tag hinzu!

MARC

LEADER 00000naa a2200000 4500
001 r011076
005 20221130113323.4
041 0 |a rus 
044 |a [SU] 
245 1 0 |a Principy funkcionirovanija eksportnogo kontrolja v industrial'nych stranach.  |c V. Presnjakov, G. Gornostajev 
520 |a Princípy mnohostrannej kontroly exportu v COCOM. Práva exportnej kontroly v USA. Reexportná kontrola v členských krajinách COCOM. Kontrolné zoznamy COCOM-u, presun od súpisov tovarov zakázaných vyvážať ku súpisu technológií. Export licencií a jeho kontrola. Diferencovaný prístup k jednotlivým štátom. 
610 2 0 |a vývoz 
610 2 0 |a kontrola 
610 2 0 |a COCOM 
610 2 0 |a USA 
610 2 0 |a ZSSR 
610 2 0 |a licencie 
610 2 0 |a politika zahraničnoobchodná 
100 1 |a Presnjakov, Viktor Jur'jevič 
700 1 |a Gornostajev, G.